[Event "WYCC U16 Open 2013"]
[Site "Al-Ain UAE"]
[Date "2013.12.26"]
[Round "9.36"]
[White "Markoja, Boris"]
[Black "Kalra, Agastya"]
[Result "1-0"]
[WhiteElo "2167"]
[BlackElo "1956"]
[WhiteFideId "14608502"]
[BlackFideId "2604744"]
[EventDate "2013.12.18"]

1. e4 c5 2. Nf3 d6 3. d4 cxd4 4. Nxd4 Nf6 5. Nc3 g6 6. g3 Nc6 7. Nde2 Bg7 8. Bg2
O-O 9. O-O a6 10. Nd5 Nxd5 11. exd5 Ne5 12. a4 Bg4 13. h3 Bxe2 14. Qxe2 Qc7 15.
Ra2 b5 16. b3 Rfc8 17. axb5 axb5 18. Rxa8 Rxa8 19. Qxb5 Qxc2 20. Be3 Qf5 21. Rc1
Nf3+ 22. Bxf3 Qxf3 23. Qb7 Re8 24. Rc8 Rf8 25. Qa8 Qh5 26. Rxf8+ Bxf8 27. b4 f5
28. b5 g5 29. b6 Qd1+ 30. Kg2 f4 31. gxf4 g4 32. Qc8 Qf3+ 33. Kg1 Qxd5 34. b7
gxh3 35. Qg4+ Kf7 36. b8=Q 1-0

[Event "WYCC U16 Open 2013"]
[Site "Al-Ain UAE"]
[Date "2013.12.26"]
[Round "9.37"]
[White "Enkhnar, Enkhbaatar"]
[Black "Horton, Andrew P"]
[Result "1/2-1/2"]
[WhiteElo "2309"]
[BlackElo "2086"]
[WhiteFideId "4900324"]
[BlackFideId "424269"]
[EventDate "2013.12.18"]

1. d4 Nf6 2. c4 e6 3. g3 Bb4+ 4. Bd2 Qe7 5. Bg2 Nc6 6. a3 Bxd2+ 7. Qxd2 e5 8. d5
Nb8 9. Nc3 d6 10. e4 O-O 11. Nge2 a5 12. O-O Na6 13. b4 Bd7 14. Rab1 Ne8 15. f4
axb4 16. axb4 c5 17. dxc6 bxc6 18. f5 Rb8 19. b5 Nc5 20. b6 Nf6 21. Nc1 Rb7 22.
Nd3 Nxd3 23. Qxd3 Rfb8 24. c5 dxc5 25. Na4 c4 26. Qxc4 c5 27. Rfd1 1/2-1/2

[Event "WYCC U16 Open 2013"]
[Site "Al-Ain UAE"]
[Date "2013.12.26"]
[Round "9.38"]
[White "Tominga, Eke"]
[Black "Basso, Pier Luigi"]
[Result "0-1"]
[WhiteElo "2064"]
[BlackElo "2303"]
[WhiteFideId "4503570"]
[BlackFideId "866970"]
[EventDate "2013.12.18"]

1. e4 d6 2. d4 Nf6 3. Nc3 g6 4. f4 Bg7 5. Nf3 O-O 6. Be3 b6 7. Qd2 Bb7 8. e5
dxe5 9. dxe5 Ng4 10. Bg1 Qxd2+ 11. Nxd2 f6 12. h3 Nh6 13. Nc4 fxe5 14. fxe5 Nd7
15. e6 Ne5 16. Nxe5 Bxe5 17. O-O-O Rad8 18. Bd3 Bf4+ 19. Kb1 Bxg2 20. Rh2 Bxh2
21. Bxh2 c5 22. Be5 c4 23. Bxc4 Rxd1+ 24. Nxd1 Bxh3 25. b3 b5 26. Bxb5 Rf5 0-1

[Event "WYCC U16 Open 2013"]
[Site "Al-Ain UAE"]
[Date "2013.12.26"]
[Round "9.40"]
[White "Naoum, Spyridon"]
[Black "Sokac, Marko"]
[Result "1/2-1/2"]
[WhiteElo "2183"]
[BlackElo "2038"]
[WhiteFideId "4227506"]
[BlackFideId "14531356"]
[EventDate "2013.12.18"]

1. c4 e5 2. e3 Nf6 3. a3 d5 4. cxd5 Nxd5 5. Bc4 Nb6 6. Be2 Bd6 7. d3 Nc6 8. Nf3
O-O 9. Nbd2 a5 10. b3 f5 11. Bb2 Qe7 12. Qc2 Be6 13. O-O g5 14. Nc4 Nxc4 15.
bxc4 g4 16. c5 Bxc5 17. Nxe5 Nxe5 18. d4 Nf3+ 19. gxf3 Bd6 20. fxg4 Bd5 21. h3
Qh4 22. Bc4 Bxc4 23. Qxc4+ Rf7 24. Qd5 Qxh3 25. Qg2 Qh4 26. d5 fxg4 27. Bd4 Rf3
28. e4 Re8 29. Rfe1 Be5 30. Bxe5 Rxe5 31. Re3 Rxe3 32. fxe3 Qe7 33. Rc1 Rxe4 34.
Rxc7 Qxc7 35. Qxe4 Qg3+ 36. Kf1 Qf3+ 37. Qxf3 gxf3 38. a4 Kf7 39. e4 Ke7 40. e5
b5 41. axb5 a4 42. b6 a3 43. b7 a2 44. d6+ Ke6 45. b8=Q a1=Q+ 46. Kf2 Qxe5 47.
Qe8+ Kxd6 48. Qxe5+ Kxe5 49. Kxf3 Kf5 50. Kg2 h5 51. Kh1 1/2-1/2

[Event "WYCC U16 Open 2013"]
[Site "Al-Ain UAE"]
[Date "2013.12.26"]
[Round "9.41"]
[White "Hu, Bryan"]
[Black "Kenes, Aldiyar"]
[Result "1-0"]
[WhiteElo "2176"]
[BlackElo "2026"]
[WhiteFideId "2066327"]
[BlackFideId "13707914"]
[EventDate "2013.12.18"]

1. d4 Nf6 2. Nf3 e6 3. c4 c5 4. d5 exd5 5. cxd5 d6 6. Nc3 g6 7. Nd2 Bg7 8. e4
O-O 9. Be2 Re8 10. O-O Na6 11. f3 Rb8 12. a4 Nb4 13. Nc4 a6 14. Bf4 Bf8 15. Qd2
Nh5 16. Bg5 f6 17. Be3 f5 18. Rae1 Bg7 19. f4 fxe4 20. Bxh5 gxh5 21. f5 b5 22.
axb5 axb5 23. Bg5 Bf6 24. Bxf6 Qxf6 25. Nxe4 Rxe4 26. Rxe4 bxc4 27. Re8+ Kf7 28.
Qe2 Nxd5 29. Qxh5+ Kg7 30. Qg4+ Kh6 31. Qh3+ Kg7 32. Qg4+ Kh6 33. Qxc4 Rxb2 34.
Rxc8 Rxg2+ 35. Kh1 Rd2 36. Qg4 Rd3 37. Re8 Nc7 38. Qf4+ Qg5 39. f6 Qxf4 40. Rxf4
Nd5 41. Rf1 Nxf6 42. Rxf6+ Kg5 43. Rf2 d5 44. Re5+ Kg4 45. Kg2 Rd4 46. Ref5 1-0

[Event "WYCC U16 Open 2013"]
[Site "Al-Ain UAE"]
[Date "2013.12.26"]
[Round "9.42"]
[White "Pamatmat, Jarod M"]
[Black "Haavamae, Henrik"]
[Result "0-1"]
[WhiteElo "2164"]
[BlackElo "2023"]
[WhiteFideId "2029685"]
[BlackFideId "4502973"]
[EventDate "2013.12.18"]

1. d4 Nf6 2. c4 e6 3. Nc3 Bb4 4. e3 O-O 5. Ne2 d5 6. a3 Bd6 7. cxd5 exd5 8. Ng3
Re8 9. Bd3 c6 10. O-O Nbd7 11. Qc2 Nf8 12. b4 a6 13. f3 Ne6 14. Nce2 h5 15. Bb2
Qc7 16. Rfe1 h4 17. Nf1 h3 18. Neg3 Ng5 19. Nf5 Bf8 20. Nd2 g6 21. Ng3 Bd6 22.
f4 hxg2 23. fxg5 Bxg3 24. gxf6 Bxh2+ 25. Kxg2 Qg3+ 26. Kh1 Bg4 27. e4 Bg1 28.
Nf1 Bf3+ 0-1

[Event "WYCC U16 Open 2013"]
[Site "Al-Ain UAE"]
[Date "2013.12.26"]
[Round "9.43"]
[White "Daskalov, Dimitar"]
[Black "Abe, Mahiro"]
[Result "0-1"]
[WhiteElo "2156"]
[BlackElo "2009"]
[WhiteFideId "2902800"]
[BlackFideId "7000235"]
[EventDate "2013.12.18"]

1. e4 e5 2. Bc4 Nf6 3. Nc3 Nc6 4. d3 Bc5 5. Bg5 h6 6. Bh4 d6 7. Na4 Qe7 8. Nxc5
dxc5 9. Ne2 Be6 10. Bb5 Bd7 11. Bxf6 Qxf6 12. O-O O-O 13. c3 Rad8 14. f4 a6 15.
Ba4 b5 16. Bc2 Bg4 17. fxe5 Qxe5 18. h3 Bxe2 19. Qxe2 f5 20. Rae1 f4 21. Qf2 Rd6
22. Bb3+ Kh8 23. Bd5 Ne7 24. Qxc5 Nxd5 25. d4 Qg5 26. exd5 f3 27. Rf2 Rf7 28. a4
Rg6 29. g4 Qh4 30. Re8+ Kh7 31. Kf1 Rxg4 32. d6 Qxh3+ 33. Ke1 Rg2 34. dxc7 Qh1+
35. Rf1 Qh4+ 36. Kd1 Qf4 37. Rh8+ Kxh8 38. c8=Q+ Kh7 0-1

[Event "WYCC U16 Open 2013"]
[Site "Al-Ain UAE"]
[Date "2013.12.26"]
[Round "9.44"]
[White "Nastase, Robert-Paul"]
[Black "Berman, Jacob"]
[Result "0-1"]
[WhiteElo "2141"]
[BlackElo "1795"]
[WhiteFideId "1221175"]
[BlackFideId "2071010"]
[EventDate "2013.12.18"]

1. e4 e6 2. d4 d5 3. Nd2 Nf6 4. e5 Nfd7 5. Bd3 c5 6. c3 Nc6 7. Ne2 Qb6 8. Nf3
cxd4 9. cxd4 f6 10. exf6 Nxf6 11. O-O Bd6 12. Bf4 Bxf4 13. Nxf4 O-O 14. Ng5 Nxd4
15. Nxh7 Nxh7 16. Bxh7+ Kxh7 17. Qh5+ Kg8 18. Ng6 Qd6 19. Qh8+ Kf7 20. Nxf8 Qxf8
21. Qh5+ Kg8 22. Rad1 Nf5 23. g4 Nh6 24. Rd3 Bd7 25. Rh3 Qf4 26. g5 Be8 27. Rf3
Bxh5 28. Rxf4 Nf7 29. h4 Rc8 30. Rb4 Nd8 31. f4 Bg6 32. h5 Bxh5 33. f5 Rc4 34.
Rxc4 dxc4 35. Rf4 exf5 36. Rxf5 Bf7 37. Kf2 Be6 38. Rb5 Kf7 39. Ke3 Ke7 40. Kf4
Kd6 41. Re5 g6 42. Re2 Bf5 43. Rd2+ Bd3 44. Ke3 Ne6 45. a4 Nc5 46. Rd1 Nxa4 47.
b3 Nb2 48. Ra1 cxb3 49. Rxa7 Ba6 50. Kd2 Na4 51. Ra8 b2 0-1

[Event "WYCC U16 Open 2013"]
[Site "Al-Ain UAE"]
[Date "2013.12.26"]
[Round "9.45"]
[White "Nazarov, Rustem"]
[Black "Dixit, Kumar"]
[Result "0-1"]
[WhiteElo "2136"]
[BlackElo "1951"]
[WhiteFideId "14002280"]
[BlackFideId "421103"]
[EventDate "2013.12.18"]

1. e4 c5 2. Nf3 e6 3. d4 cxd4 4. Nxd4 Nf6 5. Nc3 d6 6. Be2 Be7 7. O-O O-O 8. Be3
a6 9. f4 Nc6 10. Qe1 Bd7 11. Qg3 Nxd4 12. Bxd4 Bc6 13. Bf3 Rc8 14. Rad1 Qa5 15.
Kh1 b5 16. e5 dxe5 17. Bxe5 Bxf3 18. Rxf3 Rfd8 19. Rdf1 Ne8 20. f5 f6 21. fxe6
b4 22. Rf5 bxc3 23. Bxc3 Qxa2 24. Re1 Rc6 25. Rff1 Rxe6 26. Qg4 Rxe1 27. Rxe1
Qf7 28. Qa4 Bd6 29. Qxa6 Nc7 30. Qa5 Qd5 31. Qa4 Be5 32. Bxe5 fxe5 33. h3 Ne6
34. Qe4 Nf4 35. Qxd5+ Rxd5 36. b4 Rd2 37. c4 Nd3 38. Re3 Nxb4 39. Rxe5 Rc2 0-1

[Event "WYCC U16 Open 2013"]
[Site "Al-Ain UAE"]
[Date "2013.12.26"]
[Round "9.47"]
[White "Micottis, Dorian"]
[Black "Hamdan, Marshool"]
[Result "1/2-1/2"]
[WhiteElo "2097"]
[BlackElo "1749"]
[WhiteFideId "26021986"]
[BlackFideId "9303804"]
[EventDate "2013.12.18"]

1. e4 c5 2. Nf3 Nc6 3. d3 g6 4. g3 d6 5. Bg2 Bg7 6. O-O Nf6 7. Re1 O-O 8. c3 Bd7
9. d4 cxd4 10. cxd4 Rc8 11. Nc3 e5 12. h3 exd4 13. Nxd4 Nxd4 14. Qxd4 Nxe4 15.
Qxa7 Nxc3 16. bxc3 Bxc3 17. Bh6 Bxe1 18. Rxe1 Re8 19. Rd1 Bc6 20. Qd4 f6 21.
Qxd6 Qxd6 22. Rxd6 Bxg2 23. Kxg2 Kf7 24. Rb6 Re7 25. Be3 Rc2 26. Bd4 Rxa2 27.
Rxf6+ Ke8 28. Rb6 Rd7 29. Be3 Kd8 30. Rb1 Kc7 31. Bb6+ Kc6 32. Kf3 Rdd2 33. Be3
b5 34. Bxd2 Rxd2 35. Ke3 Rc2 36. h4 Kc5 37. f3 b4 38. Kf4 Rc3 39. Rf1 b3 40. Kg5
Rd3 41. Kh6 Rd7 42. g4 Kb4 43. f4 b2 44. h5 gxh5 45. Kxh5 Kb3 46. Kh6 Rd4 47.
Kg5 h6+ 48. Kf5 Ka2 49. g5 hxg5 50. fxg5 Rd3 51. Kg6 Rg3 52. Kh6 Rf3 53. Re1
b1=Q 54. Rxb1 Kxb1 55. g6 Rh3+ 56. Kg5 Kc2 57. g7 Kd3 58. Kf6 Rh6+ 59. Kf7 Rh7
60. Kf8 Rxg7 61. Kxg7 1/2-1/2

[Event "WYCC U16 Open 2013"]
[Site "Al-Ain UAE"]
[Date "2013.12.26"]
[Round "9.48"]
[White "Balaji, Ananthanarayanan"]
[Black "Dale, Ari"]
[Result "0-1"]
[BlackTitle "IM"]
[WhiteElo "1973"]
[BlackElo "2289"]
[WhiteFideId "421197"]
[BlackFideId "3213145"]
[EventDate "2013.12.18"]

1. d4 Nf6 2. Nf3 g6 3. g3 Bg7 4. Bg2 d5 5. O-O O-O 6. Nbd2 Bf5 7. c4 c6 8. b3 a6
9. Bb2 b5 10. cxd5 cxd5 11. Ne5 Qa5 12. a3 Rc8 13. Rc1 b4 14. Rxc8+ Bxc8 15. Qc1
Bf5 16. Qc5 Qxc5 17. dxc5 a5 18. Rc1 Ra7 19. Bd4 Rc7 20. axb4 axb4 21. c6 Ng4
22. Ndf3 Rc8 23. Nxg4 Bxg4 24. Bxg7 Kxg7 25. Nd4 e5 26. h3 Be6 27. c7 Na6 28.
Nxe6+ fxe6 29. Rc6 Nxc7 30. Rb6 Kf6 31. Rxb4 e4 32. e3 Na6 33. Rb6 Rc1+ 34. Kh2
Nc5 35. h4 Nd7 36. Ra6 Ne5 37. Ra2 Rb1 38. g4 Nxg4+ 39. Kg3 Nh6 40. Ra7 Nf5+ 41.
Kh2 h5 42. Rb7 Nxh4 43. Rb8 Kg5 44. b4 Rb2 45. Kg1 Nf3+ 46. Bxf3 exf3 47. b5 Kg4
48. Rf8 g5 49. Ra8 Kh3 50. Ra1 Rxb5 51. Kh1 g4 52. Rg1 h4 53. e4 dxe4 54. Ra1 g3
55. Re1 Rb2 0-1

[Event "WYCC U16 Open 2013"]
[Site "Al-Ain UAE"]
[Date "2013.12.26"]
[Round "9.49"]
[White "Zakaryan, David"]
[Black "Lopatik, Nikita"]
[Result "1-0"]
[WhiteElo "2196"]
[BlackElo "1956"]
[WhiteFideId "24101923"]
[BlackFideId "13504150"]
[EventDate "2013.12.18"]

1. e4 c5 2. Nf3 Nc6 3. d4 cxd4 4. Nxd4 Nf6 5. Nc3 d6 6. Bg5 Bd7 7. Qd2 Rc8 8. f4
Qb6 9. Nb3 a6 10. O-O-O Qc7 11. Bxf6 gxf6 12. Nd5 Qd8 13. Bd3 b5 14. Kb1 e6 15.
Ne3 Qb6 16. Rhe1 Be7 17. g4 a5 18. h4 a4 19. Nc1 Na5 20. g5 a3 21. b4 Nc4 22.
Bxc4 bxc4 23. c3 Ba4 24. Qd4 Qb8 25. Nc2 e5 26. Qf2 Rc6 27. Rf1 Qb7 28. Ne2 Rf8
29. Ng3 Kd8 30. fxe5 fxe5 31. Qf5 Qa7 32. Qxe5 Rb6 33. Nf5 f6 34. Qxe7+ Qxe7 35.
Nxe7 Kxe7 36. gxf6+ Rxf6 37. Rxf6 Bxc2+ 38. Kxc2 Kxf6 39. Rd5 Ke6 40. Ra5 h6 41.
Kd2 Rb7 42. Ke3 Rg7 43. Rxa3 Rg4 44. h5 1-0

[Event "WYCC U16 Open 2013"]
[Site "Al-Ain UAE"]
[Date "2013.12.26"]
[Round "9.50"]
[White "Bayramov, Elkhan Khayyat"]
[Black "Mezhlumyan, Marat"]
[Result "0-1"]
[WhiteElo "2173"]
[BlackElo "1927"]
[WhiteFideId "13400525"]
[BlackFideId "13302973"]
[EventDate "2013.12.18"]

1. e4 e5 2. Nf3 Nc6 3. Bb5 d6 4. d4 exd4 5. Nxd4 Bd7 6. Bxc6 bxc6 7. O-O g6 8.
Bd2 Bg7 9. Bc3 Nf6 10. Qf3 O-O 11. Nd2 Re8 12. Rfe1 Rb8 13. h3 c5 14. N4b3 Bc6
15. Rad1 Re6 16. Qd3 Qe7 17. Na5 Ba8 18. e5 Nd5 19. Nf3 Nxc3 20. exd6 Rxe1+ 21.
Nxe1 Ne2+ 22. Kf1 cxd6 23. Qxe2 Qxe2+ 24. Kxe2 d5 25. Nd3 Rb5 26. b4 c4 27. Nf4
Be5 28. g3 Bxf4 29. gxf4 Rxb4 30. Rd4 Ra4 31. Nb3 Rxa2 32. Nc5 Rxc2+ 33. Ke1 Bc6
34. Rd1 Ra2 35. Rc1 Ra3 36. h4 Kf8 37. Kd2 Ke7 38. Rb1 Kd6 39. Nb7+ Kc7 0-1

[Event "WYCC U16 Open 2013"]
[Site "Al-Ain UAE"]
[Date "2013.12.26"]
[Round "9.51"]
[White "Darling, Simeon C."]
[Black "Pomini, Aurelien"]
[Result "0-1"]
[WhiteTitle "CM"]
[WhiteElo "1928"]
[BlackElo "2165"]
[WhiteFideId "14305356"]
[BlackFideId "1320831"]
[EventDate "2013.12.18"]

1. e4 e5 2. Nf3 Nc6 3. Bb5 Nf6 4. d3 Bc5 5. c3 O-O 6. O-O d6 7. Nbd2 Bb6 8. h3
Ne7 9. Nc4 c6 10. Nxb6 axb6 11. Bc4 Ng6 12. Bb3 Qe7 13. Nh2 d5 14. Bc2 Be6 15.
a3 dxe4 16. dxe4 Bc4 17. Re1 Rad8 18. Qf3 Rd6 19. b3 Be6 20. Be3 c5 21. a4 h6
22. Rad1 Rfd8 23. Qe2 Nh7 24. Rxd6 Rxd6 25. Rd1 Ng5 26. Rxd6 Qxd6 27. Qd2 Qe7
28. Qe2 Bd7 29. Bd3 Ne6 30. Bc4 Ngf4 31. Bxf4 Nxf4 32. Qf3 Qg5 33. Qg3 Qh5 34.
Qf3 Qg6 35. Kf1 Bc6 36. Bd5 Bxd5 0-1

[Event "WYCC U16 Open 2013"]
[Site "Al-Ain UAE"]
[Date "2013.12.26"]
[Round "9.53"]
[White "Todorovic, Nenad I"]
[Black "Hui, Jeremy"]
[Result "0-1"]
[WhiteElo "2125"]
[BlackElo "1914"]
[WhiteFideId "912832"]
[BlackFideId "2608987"]
[EventDate "2013.12.18"]

1. e4 e6 2. d4 d5 3. Nd2 Nf6 4. e5 Nfd7 5. c3 c5 6. Bd3 Nc6 7. Ngf3 g6 8. h4 h6
9. Bc2 b6 10. O-O Ba6 11. Re1 cxd4 12. cxd4 g5 13. hxg5 hxg5 14. Nf1 g4 15. N3h2
Qh4 16. Bf4 Be7 17. Bg3 Qh5 18. Rc1 Rc8 19. Ba4 b5 20. Qd3 Qf5 21. Bc2 Qxd3 22.
Bxd3 Nxd4 23. Rxc8+ Bxc8 24. Nxg4 Nc5 25. Bb1 Na4 26. Nfe3 Nxb2 27. Nf6+ Kd8 28.
f4 Bb4 29. Rf1 Bc5 30. Kf2 Bb7 31. Ke1 Nc4 32. Neg4 Bb4+ 33. Kd1 Nd2 34. Rf2
Rh1+ 0-1

[Event "WYCC U16 Open 2013"]
[Site "Al-Ain UAE"]
[Date "2013.12.26"]
[Round "9.54"]
[White "Ostapchik, Anton"]
[Black "Grunau, Christoph"]
[Result "0-1"]
[WhiteElo "1897"]
[BlackElo "2066"]
[WhiteFideId "13509705"]
[BlackFideId "12929760"]
[EventDate "2013.12.18"]

1. e4 c5 2. d4 cxd4 3. c3 Nf6 4. e5 Nd5 5. Nf3 Nc6 6. Bc4 e6 7. Bxd5 exd5 8. O-O
d6 9. Bg5 Qb6 10. cxd4 Qxb2 11. Nbd2 dxe5 12. dxe5 h6 13. Be3 Be7 14. Nb3 O-O
15. Qxd5 Bf5 16. Qb5 Rab8 17. Nfd4 a6 18. Qb6 Nxd4 19. Bxd4 Qe2 20. Qc7 Ba3 21.
Rfe1 Qb5 22. Qa5 Qxa5 23. Nxa5 Bb4 24. Nc4 Bxe1 25. Rxe1 Be6 26. Nd6 Bxa2 27.
Ba7 Ra8 28. Bb6 Bd5 29. f4 a5 30. f5 Ra6 31. Bc7 a4 32. e6 fxe6 33. fxe6 Bxe6
34. Rxe6 a3 35. Re1 a2 36. Ra1 Rf4 37. Nb5 Rb4 38. Nc3 Rc6 39. Be5 Rb1+ 0-1

[Event "WYCC U16 Open 2013"]
[Site "Al-Ain UAE"]
[Date "2013.12.26"]
[Round "9.55"]
[White "Montilli, Vincenzo"]
[Black "Valenzuela Martinez, Hermes"]
[Result "1-0"]
[BlackTitle "CM"]
[WhiteElo "2039"]
[BlackElo "1867"]
[WhiteFideId "883913"]
[BlackFideId "5111919"]
[EventDate "2013.12.18"]

1. Nf3 e6 2. c4 f5 3. g3 Nf6 4. Bg2 d5 5. O-O Bd6 6. Qc2 c6 7. Nc3 O-O 8. d3 Bc7
9. cxd5 exd5 10. e4 fxe4 11. dxe4 dxe4 12. Ng5 Kh8 13. Ncxe4 Nxe4 14. Nxe4 Bf5
15. Qb3 Bb6 16. Bf4 Bxe4 17. Bxe4 Nd7 18. Rad1 Qe8 19. Bxh7 Nf6 20. Bc2 Qh5 21.
Kg2 Ng4 22. h4 Nxf2 23. Rxf2 Bxf2 24. Kxf2 Rae8 25. Rd2 Rf6 26. Qf3 Qc5+ 27. Kg2
Rfe6 28. Rf2 Re1 29. b4 Qxb4 30. Qh5+ Kg8 31. Bb3+ 1-0

[Event "WYCC U16 Open 2013"]
[Site "Al-Ain UAE"]
[Date "2013.12.26"]
[Round "9.56"]
[White "Lo, Ryan"]
[Black "Shumskis, Aleksandrs"]
[Result "1-0"]
[WhiteElo "2025"]
[BlackElo "1849"]
[WhiteFideId "2609088"]
[BlackFideId "11602414"]
[EventDate "2013.12.18"]

1. d4 Nf6 2. Nf3 e6 3. Bf4 c5 4. Nc3 a6 5. e3 Be7 6. h3 O-O 7. Be2 Nc6 8. O-O d5
9. dxc5 Bxc5 10. Rc1 Bd6 11. Bxd6 Qxd6 12. Na4 Rd8 13. c4 e5 14. Nb6 Rb8 15.
cxd5 Nb4 16. Nc4 Qxd5 17. Qxd5 Nfxd5 18. a3 e4 19. Nd4 Nc6 20. Nxc6 bxc6 21. b4
Bb7 22. Na5 Rd6 23. Rc2 Kf8 24. Ra1 Ke7 25. Bxa6 Bxa6 26. Nxc6+ Rxc6 27. Rxc6
Bd3 28. Rc5 Kd6 29. g4 Ra8 30. Ra5 Rxa5 31. bxa5 Ne7 32. Rd1 Kc7 33. f3 Nc6 34.
fxe4 Bxe4 35. a6 f6 36. Kf2 Ne5 37. Rd4 Bc6 38. Kg3 Kb6 39. Rd8 Nf7 40. Rg8 g5
41. Rg7 Bd5 42. Rxh7 Kxa6 43. h4 gxh4+ 44. Kf4 Kb5 45. Rxh4 Be6 46. Rh5+ Ne5 47.
Rh6 Nxg4 48. Rg6 Nf2 49. Rxf6 Nd3+ 50. Ke4 Nc5+ 51. Kd4 Nb3+ 52. Ke5 Bc4 53. Rf8
Nc5 54. Rb8+ Kc6 55. Rc8+ Kb5 56. Rb8+ Kc6 57. Kd4 Ba6 58. e4 Nd7 59. Rh8 Be2
60. e5 Bg4 61. Rh6+ Kc7 62. e6 Nb8 63. Kc5 Na6+ 64. Kd5 Kb7 65. Rh7+ Kb6 66. Kd6
Nc5 67. e7 Nb7+ 68. Kd5 Bd7 69. Rh8 Bc6+ 70. Ke5 Na5 71. Kd4 Bd7 72. e8=Q Bxe8
73. Rxe8 Nc6+ 74. Kc3 Na7 75. Re5 Nc6 76. Rh5 Na5 77. a4 Nc6 78. Rb5+ Ka6 79.
Kc4 Na5+ 80. Kb4 Nb7 81. Rh5 Nd8 82. Rh6+ Ka7 83. Kb5 1-0

[Event "WYCC U16 Open 2013"]
[Site "Al-Ain UAE"]
[Date "2013.12.26"]
[Round "9.57"]
[White "Nikolov, Rumen"]
[Black "Volna, Lukas"]
[Result "1-0"]
[WhiteElo "2023"]
[BlackElo "1833"]
[WhiteFideId "2911620"]
[BlackFideId "14928728"]
[EventDate "2013.12.18"]

1. b4 b6 2. Bb2 Bb7 3. e3 Nf6 4. Nf3 g6 5. c4 Bg7 6. d4 O-O 7. Bd3 c5 8. bxc5
bxc5 9. O-O cxd4 10. Nxd4 Nc6 11. Nd2 Rc8 12. Rb1 Rb8 13. Qa4 Qa5 14. Qxa5 Nxa5
15. Ba3 d6 16. Rb5 Nc6 17. Rfb1 Nd8 18. c5 dxc5 19. Bxc5 Re8 20. Bxa7 Rc8 21.
Rxb7 Nxb7 22. Rxb7 Rc1+ 23. Nf1 Ra1 24. Bb5 Ra8 25. a4 Nd5 26. Nc6 Bf6 27. Bc5
Nc3 28. Nxe7+ Bxe7 29. Bxe7 Ra5 30. Rb8+ Kg7 31. Bb4 Rxb5 32. Bxc3+ 1-0

[Event "WYCC U16 Open 2013"]
[Site "Al-Ain UAE"]
[Date "2013.12.26"]
[Round "9.58"]
[White "Li, Xiang Wei  William"]
[Black "Lien, Kjell Hakon"]
[Result "1/2-1/2"]
[WhiteElo "1846"]
[BlackElo "2011"]
[WhiteFideId "4303300"]
[BlackFideId "1510444"]
[EventDate "2013.12.18"]

1. e4 c5 2. Nc3 Nc6 3. Nf3 e5 4. g3 g6 5. Bg2 Bg7 6. d3 d6 7. O-O Nge7 8. Nh4
Bf6 9. f4 Bxh4 10. gxh4 Be6 11. Be3 Qd7 12. Nd5 O-O-O 13. Nf6 Qc7 14. a3 h6 15.
b4 exf4 16. Bxf4 g5 17. hxg5 hxg5 18. Bg3 cxb4 19. axb4 Qb6+ 20. Bf2 Qxb4 21.
Nd5 Bxd5 22. exd5 Qf4 23. Bg3 Qd4+ 24. Bf2 Qe5 25. Bg3 1/2-1/2

[Event "WYCC U16 Open 2013"]
[Site "Al-Ain UAE"]
[Date "2013.12.26"]
[Round "9.59"]
[White "Gillot, Florent"]
[Black "Malhotra, Tarun"]
[Result "1/2-1/2"]
[WhiteElo "1731"]
[BlackElo "1988"]
[WhiteFideId "225479"]
[BlackFideId "5020549"]
[EventDate "2013.12.18"]

1. e4 c5 2. Nf3 Nc6 3. d4 cxd4 4. Nxd4 Nf6 5. Nc3 e5 6. Ndb5 d6 7. Bg5 a6 8. Na3
b5 9. Nd5 Be7 10. Bxf6 Bxf6 11. c3 Bg5 12. Nc2 O-O 13. a4 bxa4 14. Rxa4 a5 15.
Bc4 Rb8 16. b3 Kh8 17. O-O f5 18. exf5 Bxf5 19. Nce3 Bg6 20. Qe2 e4 21. Rfa1 Qc8
22. Qg4 Bxe3 23. Nxe3 Qc7 24. Qg3 Rfd8 25. Nd5 Qb7 26. Re1 Ne5 27. Rxa5 Nxc4 28.
bxc4 Rbc8 29. Ra4 Rc5 30. Rea1 Qd7 31. Qg5 Re8 32. Qg3 Kg8 33. Rb4 Re6 34. Qe3
Rc8 35. Qd4 Bf7 36. Ne3 Qc6 1/2-1/2

[Event "WYCC U16 Open 2013"]
[Site "Al-Ain UAE"]
[Date "2013.12.26"]
[Round "9.60"]
[White "Dogan, Mire Deniz"]
[Black "Aleksanyan, Hrant"]
[Result "1-0"]
[WhiteElo "1772"]
[BlackElo "1981"]
[WhiteFideId "6317456"]
[BlackFideId "13306634"]
[EventDate "2013.12.18"]

1. d4 Nf6 2. c4 e6 3. Nf3 b6 4. Nc3 Bb7 5. Bg5 h6 6. Bf4 Bb4 7. Qb3 a5 8. a3
Bxc3+ 9. Qxc3 Ne4 10. Qc2 d6 11. Rd1 f5 12. h4 Nd7 13. Nd2 O-O 14. f3 Nxd2 15.
Rxd2 Qe7 16. Qb3 a4 17. Qe3 e5 18. dxe5 dxe5 19. Rxd7 Qxd7 20. Bxe5 Rae8 21. f4
c5 22. Rh3 Rf7 23. Qc3 Be4 24. Re3 Rd8 25. g4 Qd1+ 26. Kf2 Qb1 27. Rg3 fxg4 28.
Rxg4 Rd1 29. Rg1 Qc1 30. Qg3 Qd2 31. Bh3 Rxg1 32. Kxg1 Kh8 33. Kf2 Qd8 34. Be6
Rb7 35. Qg4 Bh7 36. Qh5 Bg8 37. Bd5 Re7 38. Qxh6+ Bh7 39. Be4 Qg8 40. Qg5 Ra7
41. Bd5 Qf8 42. h5 Qe7 43. Qg3 Rd7 44. h6 Rxd5 45. Bxg7+ Kg8 46. Bf6+ 1-0

[Event "WYCC U16 Open 2013"]
[Site "Al-Ain UAE"]
[Date "2013.12.26"]
[Round "9.61"]
[White "Neagu, Mihai-Cosmin"]
[Black "Kwon, Sehyun"]
[Result "1/2-1/2"]
[WhiteElo "2069"]
[BlackElo "1706"]
[WhiteFideId "1205560"]
[BlackFideId "13203088"]
[EventDate "2013.12.18"]

1. d4 Nf6 2. c4 e6 3. Nc3 Bb4 4. e3 O-O 5. Ne2 b6 6. a3 Be7 7. Ng3 Bb7 8. f3 d5
9. cxd5 exd5 10. Nf5 Re8 11. Nxe7+ Qxe7 12. Be2 c5 13. O-O Nc6 14. dxc5 Qxc5 15.
Nb5 Ne5 16. b3 Ba6 17. a4 Red8 18. Nd4 Bxe2 19. Qxe2 Nc6 20. Bb2 Nxd4 21. Bxd4
Qb4 22. Qb5 Qxb5 23. axb5 Ne8 24. Be5 f6 25. Bg3 Nd6 26. Bxd6 Rxd6 27. Rfd1 Rd7
28. Ra4 Rc8 29. Rd3 Rc5 30. Rb4 Kf7 31. Kf2 Rdc7 32. g4 g5 33. Kg3 Rc3 34. Rxd5
Rxe3 35. Rc4 Rce7 36. b4 Rb3 37. Rf5 Rb2 38. h4 h6 39. Rc6 Re6 40. Rc7+ Re7 41.
Rxe7+ Kxe7 42. hxg5 hxg5 43. f4 Rb3+ 44. Kf2 1/2-1/2

[Event "WYCC U16 Open 2013"]
[Site "Al-Ain UAE"]
[Date "2013.12.26"]
[Round "9.62"]
[White "Ahmed, Fareed"]
[Black "Filipets, Egor"]
[Result "0-1"]
[WhiteElo "1766"]
[BlackElo "2112"]
[WhiteFideId "9303677"]
[BlackFideId "13503928"]
[EventDate "2013.12.18"]

1. e4 e6 2. d4 d5 3. Nc3 Nf6 4. e5 Nfd7 5. f4 c5 6. Nf3 Nc6 7. Be3 a6 8. Qd2 b5
9. a3 Qb6 10. dxc5 Bxc5 11. Bxc5 Nxc5 12. Bd3 Bb7 13. Qf2 b4 14. axb4 Qxb4 15.
O-O Nxd3 16. cxd3 Qxf4 17. g3 Qb4 18. Ra4 Qe7 19. Rg4 O-O 20. Ne2 f5 21. exf6
Rxf6 22. Nf4 Raf8 23. d4 Na5 24. Re1 Nc4 25. Ng5 g6 26. Ngxe6 Re8 27. Qg2 Qd6
28. b3 Nb6 29. Qe2 Bc8 30. Rg5 Bxe6 31. Re5 Kf7 32. Qxa6 Bd7 33. Nd3 Nc4 34. Qa7
Nxe5 35. dxe5 Qb6+ 36. Qxb6 Rxb6 37. Rb1 Kg7 38. Nc5 Bf5 0-1